Analýza a řízení finančních rizik v orgánech samosprávy

Saved in:
Bibliographic Details
Main Author Rýpalová, Jana (Dissertant)
Other Authors Lošek, Václav (Thesis advisor)
Format Manuscript Book
LanguageCzech
Published 2014
Subjects
Online AccessPlný text v Digitální knihovně UTB
Physical Description67 s. (70 641 znaků)

Cover

LEADER 00000ntm a22000007u 4500
001 zp35928
041 |a cze 
100 1 |a Rýpalová, Jana  |4 dis 
245 1 0 |a Analýza a řízení finančních rizik v orgánech samosprávy 
246 |a Risk Management Analysis in Municipales 
260 |c 2014 
300 |a 67 s. (70 641 znaků) 
500 |a Studijní obor: Ovládání rizik 
500 |a Studijní obor: Technological Equipment 
500 |a Ústav: Ústav krizového řízení 
500 |a Univerzita Tomáše Bati ve Zlíně. Fakulta logistiky a krizového řízení 
500 |a Tomas Bata University in Zlín. Faculty of Logistics and Crisis Management 
506 |a Bez omezení 
653 |a samospráva 
653 |a finanční kontrola 
653 |a rozpočtová skladba 
653 |a zadluženost obcí 
653 |a local government 
653 |a financial control 
653 |a budget structure 
653 |a municipal debt 
655 4 |a bakalářská práce 
700 1 |a Lošek, Václav  |4 ths 
710 2 |a Univerzita Tomáše Bati ve Zlíně. Fakulta logistiky a krizového řízení  |4 dgg 
710 2 |a Tomas Bata University in Zlín. Faculty of Logistics and Crisis Management  |4 dgg 
856 4 0 |u http://hdl.handle.net/10563/29744  |y Plný text v Digitální knihovně UTB